GUESS THE UFC TITLE FIGHTS - Statistics

General Stats
  • This quiz has been taken 60 times
  • The average score is 9 of 16
Answer Stats
Hint Answer % Correct
-500 LHW JON JONES
86%
-250 BW ALJAMAIN STERLING
75%
+205 BW SEAN O'MALLEY
73%
-720 FW ALEXANDER VOLKANOVSKI
67%
+165 LW CHARLES OLIVEIRA
67%
+280 WW LEON EDWARDS
65%
-195 LW ISLAM MAKHACHEV
63%
-340 LW KHABIB NURMAGOMEDOV
63%
-1250 BW (W) AMANDA NUNES
59%
-230 LHW ISRAEL ADESANYA
57%
+280 LW JUSTIN GAETHJE
55%
+185 LHW JAN BŁACHOWICZ
43%
+350 LHW DOMINICK REYES
41%
+500 FW CHAN SUNG JUNG
39%
-340 WW KAMARU USMAN
27%
+750 BW (W) MEGAN ANDERSON
6%
No matching quizzes found
Score Distribution
Percent of People with Each Score
Percentile by Number Answered
Your Score History
You have not taken this quiz